Statistiques concernant Personnalités francophones en Y

Cliquez ici pour prendre le quiz!

Statistiques générales

  • Ce quiz a été pris 1 530 fois
  • Le résultat moyen est 2 sur 8

Statistiques - réponses

Réponse% Correct
Michael Youn
97%
Youssoupha
65%
Rama Yade
20%
Yelle
17%
Ycare
10%
Yodelice
8%
Tania Young
2%
Monique Younès
1%

Distribution des résultats

Percentile par nombre de réponses

% des personnes avec chaque résultat

Votre développement - résultats

Vous n’avez pas pris ce quiz